[Event "Challenge"]
[Site "http://www.queenalice.com/game.php?id=364797"]
[Date "2008.3.3"]
[Round "-"]
[White "Priscilak"]
[Black "Dandi"]
[Result "0-1"]
[WhiteElo "1100"]
[BlackElo "1481"]

1. g4 e5 2. g5 Qxg5 3. Nf3 Qe7 4. d4 e4 5. Ne5 d6 6. Nc4 Be6 7. Bf4 Bxc4 8. Rg1
Nc6 9. e3 O-O-O 10. Nc3 Bxf1 11. Rxf1 Nb4 12. Nd5 Nxd5 13. Bg3 Nb4 14. Qd2 d5
15. c3 Nd3+ 16. Kd1 Nf6 17. f3 Qd7 18. b3 Qh3 19. Qf2 Ng4 20. Qc2 Qxf1+ 21. Kd2
Qxa1 22. fxe4 dxe4 23. d5 f5 24. h3 Nb4 25. cxb4 Bxb4+ 26. Qc3 Bxc3+ 27. Ke2 Qg1
28. Bf2 Qxf2+ 29. Kd1 Nxe3+ 30. Kc1 Qe1# 0-1

[Event "Challenge"]
[Site "http://www.queenalice.com/game.php?id=371741"]
[Date "2008.3.15"]
[Round "-"]
[White "Strapasson"]
[Black "Priscilak"]
[Result "1-0"]
[WhiteElo "993"]
[BlackElo "1091"]

1. d4 d5 2. Nc3 Qd6 3. e4 dxe4 4. Nxe4 Qd5 5. Qe2 Nc6 6. g3 Be6 7. Bf4 Qxd4 8.
Qb5 a6 9. Qxb7 Rd8 10. Qxc6+ Rd7 11. Nc5 Kd8 12. Qa8# 1-0

[Event "Challenge"]
[Site "http://www.queenalice.com/game.php?id=372404"]
[Date "2008.3.17"]
[Round "-"]
[White "Paulo2008"]
[Black "Priscilak"]
[Result "1-0"]
[WhiteElo "1653"]
[BlackElo "1052"]

1. e4 d5 2. exd5 Qxd5 3. Nc3 Qd4 4. Nf3 Qc4 5. d4 Be6 6. Bxc4 Bxc4 7. Bf4 c6 8.
Ne5 Na6 9. Nxc4 O-O-O 10. Ne5 f6 11. Nf7 e6 12. Nxh8 Bc5 13. dxc5 Rxd1+ 14. Rxd1
Nxc5 15. O-O e5 16. Be3 Nd7 17. Nf7 f5 18. Nd6+ Kb8 19. Nxf5 g6 20. Rxd7 Kc8 21.
Rxh7 gxf5 22. Rh8 f4 23. Rxg8+ Kd7 24. Bxa7 Ke7 25. Rg7+ Kd6 26. Rxb7 c5 27.
Rd1+ Ke6 28. Bxc5 Kf5 29. f3 Kg5 30. Rd6 Kf5 31. Rf7+ Kg5 32. Ne4+ Kh5 33. Rdf6
Kh4 34. Rg6 Kh5 35. Rfg7 Kh4 36. Rh7# 1-0

[Event "Challenge"]
[Site "http://www.queenalice.com/game.php?id=374073"]
[Date "2008.3.20"]
[Round "-"]
[White "Priscilak"]
[Black "lomantpa"]
[Result "1-0"]
[WhiteElo "1009"]
[BlackElo "1147"]

1. d4 d5 2. Nc3 e6 3. Qd3 Nf6 4. Qb5+ c6 5. Bf4 cxb5 6. Nxb5 Qa5+ 7. b4 Qxb4+ 8.
Bd2 Qb2 9. Rc1 Qxb5 10. f4 Ne4 11. Be3 Qb4+ 12. c3 Qb2 13. a4 Nxc3 14. g3 Bb4
15. Nf3 Nd1+ 16. Bd2 Bxd2+ 17. Nxd2 Qxc1 18. Bg2 Ne3+ 19. Kf2 Qxd2 20. Rb1 1-0

[Event "Challenge"]
[Site "http://www.queenalice.com/game.php?id=374099"]
[Date "2008.3.20"]
[Round "-"]
[White "Priscilak"]
[Black "rafajeff"]
[Result "0-1"]
[WhiteElo "1091"]
[BlackElo "1706"]

1. d4 e6 2. Qd3 Bc5 3. Nc3 Qf6 4. dxc5 Nc6 5. Bd2 Ne5 6. O-O-O Nxd3+ 7. exd3
Qxf2 8. Ne4 Qd4 9. Ng5 Rb8 10. c3 Qa4 11. Re1 Qxa2 12. Kc2 b6 13. cxb6 Rxb6 14.
Ne2 Qxb2+ 15. Kd1 Qb1+ 16. Bc1 Rb2 17. g3 Bb7 18. Rg1 Qc2# 0-1

[Event "Challenge"]
[Site "http://www.queenalice.com/game.php?id=374207"]
[Date "2008.3.20"]
[Round "-"]
[White "Priscilak"]
[Black "Dandi"]
[Result "0-1"]
[WhiteElo "1052"]
[BlackElo "1501"]

1. d4 e6 2. Nc3 Be7 3. Nb5 Nf6 4. d5 Nxd5 5. Qd4 Nc6 6. Qc5 Bxc5 7. c4 Ndb4 8.
Bd2 Nc2+ 9. Kd1 Nxa1 10. e4 O-O 11. h4 d5 12. exd5 Nd4 13. Be3 Ndc2 14. Bxc5 Re8
15. Nxa7 Bd7 16. Nf3 e5 17. Bd3 e4 18. Re1 Nxe1 19. Kxe1 exd3+ 20. Kd1 Re2 21.
Nc6 Qf6 22. Ncd4 b6 23. Nxe2 bxc5 24. Ng3 Ba4+ 25. b3 Bd7 26. Nh5 Qb2 27. Nd2
Rxa2 28. Nf4 Bg4+ 29. f3 Qxb3+ 30. Nxb3 Nxb3 31. fxg4 Ra1# 0-1

[Event "Challenge"]
[Site "http://www.queenalice.com/game.php?id=374783"]
[Date "2008.3.21"]
[Round "-"]
[White "Drica"]
[Black "Priscilak"]
[Result "1-0"]
[WhiteElo "1696"]
[BlackElo "991"]

1. e4 d5 2. exd5 Qxd5 3. Nc3 Qd4 4. Nb5 Qe4+ 5. Be2 Nc6 6. Nxc7+ Kd8 7. Nxa8
Qxg2 8. Bf3 Qxh1 9. Bxh1 Nf6 10. Qe2 Nb4 11. Qc4 Nxc2+ 12. Qxc2 Be6 13. Bxb7 Bg4
14. Qc7+ Ke8 15. Bc6+ Nd7 16. Qc8# 1-0

[Event "Challenge III"]
[Site "http://www.queenalice.com/game.php?id=380534"]
[Date "2008.4.1"]
[Round "-"]
[White "Priscilak"]
[Black "Dandi"]
[Result "0-1"]
[WhiteElo "1009"]
[BlackElo "1496"]

1. e4 e5 2. Nf3 d6 3. d4 Bd7 4. dxe5 dxe5 5. Bc4 Qe7 6. O-O Bg4 7. Bb5+ c6 8.
Bc4 b5 9. Bb3 Nf6 10. Re1 Nxe4 11. Rxe4 Bf5 12. Qe2 Nd7 13. Nxe5 Nc5 14. Bxf7+
Kd8 15. Rf4 Ne6 16. Rxf5 Nd4 17. Qd1 Qd6 18. Be3 Nxf5 19. Bg5+ Kc7 20. Nc3 Qxe5
21. Rc1 Nd4 22. Qd2 b4 23. Bf4 Bd6 24. Re1 Qc5 25. Be3 bxc3 26. Bxd4 cxd2 27.
Rd1 Qxd4 28. Bb3 Rhf8 29. c3 Qxf2+ 30. Kh1 Qe2 31. Kg1 Bc5+ 32. Kh1 Rf1+ 33.
Rxf1 Qxf1# 0-1

[Event "Challenge IV"]
[Site "http://www.queenalice.com/game.php?id=380535"]
[Date "2008.4.1"]
[Round "-"]
[White "Dandi"]
[Black "Priscilak"]
[Result "1-0"]
[WhiteElo "1503"]
[BlackElo "1052"]

1. Nf3 f6 2. d4 e5 3. e4 f5 4. Nxe5 Bb4+ 5. Bd2 Nc6 6. Nxc6 bxc6 7. Bxb4 c5 8.
Bxc5 fxe4 9. Be2 Qg5 10. Nc3 d6 11. Ba3 a5 12. Nxe4 Rb8 13. Nxg5 Rb5 14. Bxb5+
Kd8 15. Nf7+ Ke7 16. Nxh8 Nf6 17. O-O Ng4 18. Re1+ Kd8 19. Nf7# 1-0

[Event "Challenge"]
[Site "http://www.queenalice.com/game.php?id=397440"]
[Date "2008.5.3"]
[Round "-"]
[White "Barreto"]
[Black "Priscilak"]
[Result "1-0"]
[WhiteElo "1278"]
[BlackElo "1052"]

1. e4 e5 2. Nf3 d5 3. Bb5+ c6 4. Ba4 Nf6 5. Nxe5 Nxe4 6. d3 Nc5 7. Qh5 Qe7 8. d4
Nxa4 9. O-O Qe6 10. Qf3 c5 11. Re1 cxd4 12. c3 Nc6 13. Bf4 Nxe5 14. Bxe5 Be7 15.
cxd4 O-O 16. Nc3 Bb4 17. Qg3 Re8 18. Qxg7# 1-0

[Event "Challenge"]
[Site "http://www.queenalice.com/game.php?id=397441"]
[Date "2008.5.3"]
[Round "-"]
[White "Priscilak"]
[Black "Barreto"]
[Result "0-1"]
[WhiteElo "1039"]
[BlackElo "1295"]

1. d4 d5 2. c4 dxc4 3. Qa4+ Bd7 4. Nc3 Bxa4 5. Nxa4 Nc6 6. Bf4 Nxd4 7. Rd1 e6 8.
e3 Qf6 9. Rxd4 Ne7 10. Rxc4 Nd5 11. g4 Bb4+ 12. Ke2 Nxf4+ 13. Rxf4 Qe7 14. Rxb4
Qxb4 15. Nc3 Qxb2+ 16. Kf3 Qxc3 17. Ne2 Qc6+ 18. e4 f5 19. gxf5 O-O 20. Nf4 exf5
21. Rg1 Qxe4+ 22. Kg3 g5 23. Nh5 Qg4# 0-1

[Event "Challenge"]
[Site "http://www.queenalice.com/game.php?id=397801"]
[Date "2008.5.4"]
[Round "-"]
[White "Priscilak"]
[Black "DedeiTairone"]
[Result "0-1"]
[WhiteElo "1062"]
[BlackElo "1479"]

1. e4 e5 2. Nf3 d6 3. Bb5+ c6 4. Ba4 Nf6 5. Ng5 Be6 6. f4 Bg4 7. Nf3 exf4 8. h3
Bh5 9. g4 Bg6 10. O-O Bxe4 11. Qe1 b5 12. c4 bxa4 13. Ng5 Qe7 14. d4 Nxg4 15.
Nxe4 Ne3 16. Rxf4 Nxc4 17. Qc3 d5 18. Qa5 Nxa5 19. Nc5 Qe1+ 20. Rf1 Qb4 21. Nd2
Nc4 22. Nf3 Na5 23. Ne5 h5 24. Rxf7 Qxd4+ 25. Be3 Qxe3+ 26. Kh2 Qxe5+ 27. Kg1
Qe3+ 28. Rf2 Bxc5 29. Kg2 Qxf2+ 30. Kh1 Qxb2 31. Rf1 Rf8 32. h4 Qxa2 0-1

[Event "Challenge V"]
[Site "http://www.queenalice.com/game.php?id=397806"]
[Date "2008.5.4"]
[Round "-"]
[White "Priscilak"]
[Black "Dandi"]
[Result "0-1"]
[WhiteElo "1037"]
[BlackElo "1484"]

1. e4 e5 2. Nf3 d6 3. Ng5 Qxg5 4. Bb5+ c6 5. d4 cxb5 6. c3 Qd8 7. dxe5 d5 8.
exd5 Ne7 9. a4 Nd7 10. d6 Ng6 11. O-O Ngxe5 12. Re1 Bxd6 13. Qxd6 Qf6 14. Qc7
O-O 15. axb5 Nd3 16. Rd1 Qxf2+ 17. Kh1 N7c5 18. Qd6 Re8 19. Qxc5 Nxc5 20. Ra5
Bg4 21. Rg1 Bf3 22. Na3 Re1 23. Bd2 Rxg1# 0-1

[Event "Challenge"]
[Site "http://www.queenalice.com/game.php?id=397866"]
[Date "2008.5.4"]
[Round "-"]
[White "ORNELAS"]
[Black "Priscilak"]
[Result "1-0"]
[WhiteElo "1602"]
[BlackElo "1009"]

1. e4 e5 2. Bc4 Nf6 3. d3 Bc5 4. Qf3 O-O 5. c3 d5 6. exd5 Nxd5 7. Bxd5 Qxd5 8.
Qxd5 b6 9. Qxa8 Nc6 10. Qxc6 Be7 11. Qxc7 Bg5 12. Bxg5 f6 13. Be3 f5 14. Qxe5 h5
15. Qd5+ Kh7 16. Nf3 Rf6 17. Bg5 Re6+ 18. Ne5 Rg6 19. Nxg6 Kxg6 20. Bf4 Kf6 21.
Qe5+ Kf7 22. Qc7+ Kf6 23. Qxc8 g5 24. Qc6+ Kf7 25. Bxg5 Kg7 26. Qf6+ Kg8 27. O-O
Kh7 28. Re1 b5 29. Re7+ Kg8 30. Qg7# 1-0

[Event "Challenge"]
[Site "http://www.queenalice.com/game.php?id=408831"]
[Date "2008.5.27"]
[Round "-"]
[White "Priscilak"]
[Black "guizani"]
[Result "0-1"]
[WhiteElo "1037"]
[BlackElo "1419"]

1. e4 c6 2. c4 Qa5 3. Nf3 e6 4. Bd3 Nf6 5. Qe2 Qc5 6. e5 Na6 7. exf6 gxf6 8. b4
Qxb4 9. a3 Qd6 10. Nc3 Nc5 11. Be4 f5 12. Bc2 Rg8 13. O-O Rg6 14. Rb1 Rh6 15.
Ne5 Bg7 16. d4 Qxd4 17. Rd1 Qxc3 18. Rd3 Nxd3 19. Bxd3 Bxe5 20. Qxe5 Qxe5 21.
Rb4 Qe1+ 22. Bf1 Qxc1 23. c5 b6 24. f4 Qxc5+ 25. Kh1 Ba6 26. g4 Bxf1 27. Rb2
Qd5+ 28. Rg2 Qxg2# 0-1

[Event "Challenge VI"]
[Site "http://www.queenalice.com/game.php?id=409954"]
[Date "2008.5.29"]
[Round "-"]
[White "Priscilak"]
[Black "Dandi"]
[Result "0-1"]
[WhiteElo "1062"]
[BlackElo "1466"]

1. e4 g6 2. Nf3 Bg7 3. c4 e5 4. Qe2 Nf6 5. Nxe5 O-O 6. d4 d6 7. Nf3 c5 8. dxc5
dxc5 9. g4 Bxg4 10. Be3 Nxe4 11. Nc3 Bxc3+ 12. Bd2 Bxb2 0-1